| 000 | 00899nas a2200289 4500 | ||
|---|---|---|---|
| 001 | BR8601802 | ||
| 003 | BR-BrBNA | ||
| 005 | 20231205090427.0 | ||
| 007 | ta | ||
| 008 | 230509b bl.|||p| |||| 00| 00por d | ||
| 040 |
_aBR-BrBNA _bpor _cBiblioteca Nacional de Agricultura |
||
| 041 | _a(Pt) | ||
| 072 | _aP32; F01 | ||
| 100 | 1 | _aBarbieri, J.L. | |
| 100 | 1 | _aPoli, D.M. | |
| 100 | 1 | _aDonzelli, J.L. | |
| 245 | 1 | _aOs latossolos roxos e a cultura da cana-de-acucar [Saccharum spp., solo, Sao Paulo] | |
| 246 | 1 | _aThe purple latosols and the sugarcane crop. | |
| 650 | _aCANA DE ACUCAR | ||
| 650 | _aCLASSIFICACAO DO SOLO | ||
| 650 | _aPLANTIO | ||
| 650 | _aCOMPACTACAO DO SOLO | ||
| 650 | _aPRODUTIVIDADE | ||
| 773 | 0 |
_tBoletim Tecnico COPERSUCAR (Brazil) _xISSN 0100-2996 _g(Oct 1985), (no. 32) p. 2-10 _wBR8601802 |
|
| 909 |
_a202311 _bLúcia _c55 _dLúcia Elande |
||
| 942 |
_2AGRIS _n0 _cANA |
||
| 999 |
_c118343 _d118343 |
||